000 00358nam a2200145Ia 4500
008 150201s2006 xx 000 0 und d
082 _a616.8
_bE2006V
100 _aVERGESE,MARRY
245 _aESSENTIALS OF PSYCHIATRIC & MENTAL H NURSING
250 _a2ND
260 _bELSEVIER
_aDELHI
_c2006
300 _a1-347
650 _aPSYCHIATRY
942 _2ddc
_cBK
999 _c4056
_d4056